000 00413nam a2200181Ia 4500
008 221030s9999 xx 000 0 und d
020 _a8181280732
041 _aEnglish
082 _a105.23
100 _aU. Hansmann
245 0 _aPrinciples of Mobile Computing
250 _a2nd
260 _bSpringer
_aNew Delhi
_c2008
300 _a448
650 _aCSE Career Award
700 _aL. Merk
942 _cBK
999 _c6254
_d6254